01241cam a2200289 a 450000100060000000300080000600500170001400800410003103500190007204000320009104100080012308200260013110000310015724501350018826000550032330000440037849000640042250001090048650400300059565100280062565100430065383000170069683000640071394200120077799900170078995201450080627649BD-RjUL20211209051202.0140325s1961 cauabf 000 0 eng d a(BD-RjUL)27728 aDLCcUUMdOCLdBD-RjULbeng aeng a916.42bMIN V-14 19611 aMikesell, Marvin W.93672110aNorthern Morocco: a cultural geography /cby Marvin W. MikesellnVOLUME XIV pUNIVERSITY OF CALIFORNIA PUBLICATIONS IN GEOGRAPHY  aBerkeley :bUniversity of California Press,c1961. avi,135p. :bill., plates, maps. ;c26cm1 aUniversity of California publications in geography ;vv. 14 a"A preliminary version of this study was prepared as a doctoral dissertation [University of California]" aBibliographical footnotes 0aMoroccoxHistory984924 0aMoroccoxDescription and travel971838 0vv. 14984931 0aUniversity of California publications in geography ;984932 2ddccBK c27649d27649 00102ddc40728NFICaRUCLbRUCLcReadingd1963-02-16ezeithingerg21.00l0o916.42 MIN V-14 1961r2014-03-25 00:00:00tC-1w2014-03-25yBK